| 000 | 00516cam a22002171 4500 | ||
|---|---|---|---|
| 001 | sa 68012962 | ||
| 003 | DLC | ||
| 005 | 20260227112617.0 | ||
| 008 | 940712s1967 ii 000 0 telo | ||
| 010 | _asa 68012962 | ||
| 025 | _aPL480:I-Te-1650 | ||
| 035 | _a(OCoLC)30753633 | ||
| 040 |
_aDLC _cCU _dCU _dDLC |
||
| 042 | _apremarc | ||
| 050 | 0 | 0 |
_aPL4780.8 _b.C4 |
| 245 | 0 | 0 | _aCēmantulu. |
| 260 | _c1967. | ||
| 300 |
_a4, ii, iv, 296 p. _c21 cm. |
||
| 500 | _aIn Telugu. | ||
| 650 | 0 | _aShort stories, Telugu. | |
| 999 |
_c84843 _d84843 |
||